Crítica de la teoría del desarrollo (Registro nro. 6713)

Detalles MARC
000 -LEADER
fixed length control field 01085 a2200193 4500
001 - CONTROL NUMBER
control field 59507
005 - DATE AND TIME OF LATEST TRANSACTION
control field 20260407155849.0
008 - FIXED-LENGTH DATA ELEMENTS--GENERAL INFORMATION
fixed length control field 260407a1975 arg spa d
003 - CONTROL NUMBER IDENTIFIER
control field AR-UNSa-BCEJYS
040 ## - CATALOGING SOURCE
Original cataloging agency AR-UNSa-BCEJYS
Language of cataloging spa
Transcribing agency AR-UNSa-BCEJYS
080 ## - UNIVERSAL DECIMAL CLASSIFICATION NUMBER
Universal Decimal Classification number 330.1
Common auxiliary subdivision Ciencia económica. Conceptos fundamentales de teoría económica. Valor. Capital. Fondos
100 1# - MAIN ENTRY--PERSONAL NAME
Personal name Bauer, Peter T.
245 10 - TITLE STATEMENT
Title Crítica de la teoría del desarrollo
Name of part/section of a work estdiso y debates sobre la economía del desarrollo
264 #1 - PRODUCTION, PUBLICATION, DISTRIBUTION, MANUFACTURE, AND COPYRIGHT NOTICE
Place of production, publication, distribution, manufacture Barcelona :
Name of producer, publisher, distributor, manufacturer Ariel
Date of production, publication, distribution, manufacture, or copyright notice 1975
300 ## - PHYSICAL DESCRIPTION
Extent 517 p.
Dimensions 19 cm.
505 ## - FORMATTED CONTENTS NOTE
Formatted contents note 1. El circulo vicioso de la pobreza y la ampliación de la brecha – 2. Critica de la teoría del desarrollo – 3. La economía del resentimiento: colonialismo y subdesarrollo – 4. El marxismo y los países subdesarrollados – 5. Perspectivas asiáticas – 6. Una crítica de la UNCTAD – 7. La economía como forma de asistencia técnica – 8. El estudio de las economías subdesarrolladas – 9. El consenso espúreo y sus antecedentes
590 ## - LOCAL NOTE (RLIN)
Local note niveau_biblio:m niveau_hierar:0
942 ## - ADDED ENTRY ELEMENTS (KOHA)
Koha item type
Existencias
Withdrawn status Lost status Damaged status Not for loan Home library Current library Shelving location Date acquired Total checkouts Full call number Barcode Date last seen Price effective from Koha item type
        Biblioteca Prof. Eusebio Cleto del Rey Biblioteca Prof. Eusebio Cleto del Rey   07/04/2026   330.1 B344 L39357 07/04/2026 07/04/2026 Libro